|
|
|
|
| LEADER |
00674nab a2200169 i 4500 |
| 001 |
misc73491 |
| 005 |
20241018112842.0 |
| 008 |
241018s1957 hu o 000 eng d |
| 040 |
|
|
|a SZTE Miscellanea Repozitórium
|b hun
|
| 041 |
|
|
|a eng
|
| 100 |
1 |
|
|a Nanninga L. B.
|
| 245 |
1 |
4 |
|a The binding of magnesium, calcium, and chlorine ions to heavy and light meromyosin
|h [elektronikus dokumentum] /
|c Nanninga L. B.
|
| 260 |
|
|
|a Academic Press
|c 1957-08
|
| 300 |
|
|
|a 346-366
|
| 490 |
0 |
|
|a Archives of Biochemistry and Biophysics
|v 70 No. 2
|
| 561 |
|
|
|a Szent-Györgyi Albert munkatársainak publikációi
|
| 856 |
4 |
0 |
|u http://misc.bibl.u-szeged.hu/73491/1/szgya_amerikai_105.pdf
|z Dokumentum-elérés
|